000 00898nam a22002417a 4500
010 _aB-075556
020 _c150.00
035 _aB-075556
037 _bCen Lib / Ret
040 _aDPL
_bPN
082 _a852
_bਬਰਾੜ
100 _aਬਰਾੜ, ਜਤਿੰਦਰ
_9131190
245 _aਕਦੇਸਣ :
_bਨਾਟਕ /
_cਜਤਿੰਦਰ ਬਰਾੜ
246 _aKadesan : play /
_bby Jatinder Brar
260 _aਅੰਮ੍ਰਿਤਸਰ
_bਲੌਕ ਸਾਹਿਤ ਪ੍ਰਕਾਸ਼ਨ
_c2001
270 _a186, ਗਰੀਨ ਔਵੀਨਿਊ
_bਅੰਮ੍ਰਿਤਸਰ
300 _a96 p.
_c23cm(Hb)
650 _aਸਾਹਿਤ--ਪੰਜਾਬੀ
_9131191
650 _aਪੰਜਾਬੀ --ਨਾਟਕ
_9131192
650 _aLiterature--Punjabi
_9131193
650 _aPunjabi--Play
_97361
942 _2ddc
_cPN
_e1999
_h852
_mਬਰਾੜ
999 _c110731
_d110731